Wszyscy piłkarze powołani na Euro 2016 - Statystyki

Ogólne statystyki
  • Ten quiz został rozwiązany 83 razy
  • Średni wynik to 117 z 552
Statystyki odpowiedzi
Reprezentacja Numer Odpowiedź % Poprawnych
7 Antoine Griezmann
80%
Francja 1 Hugo Lloris
80%
16 Jakub Błaszczykowski
80%
9 Robert Lewandowski
80%
7 Arkadiusz Milik
78%
15 Kamil Glik
78%
2 Michał Pazdan
78%
Polska 1 Wojciech Szczęsny
78%
22 Łukasz Fabiański
76%
9 Olivier Giroud
76%
11 Kamil Grosicki
71%
10 Luka Modrić
71%
19 Piotr Zieliński
71%
20 Łukasz Piszczek
69%
5 N’Golo Kanté
69%
15 Paul Pogba
69%
12 Artur Boruc
67%
7 Cristiano Ronaldo
67%
10 Grzegorz Krychowiak
67%
9 Harry Kane
67%
Niemcy 1 Manuel Neuer
64%
3 Artur Jędrzejczyk
62%
11 Gareth Bale
62%
6 Andrés Iniesta
60%
21 Jordan Lukaku
60%
7 Kevin De Bruyne
60%
5 Krzysztof Mączyński
60%
3 Pepe
60%
9 Romelu Lukaku
60%
15 Sergio Ramos
60%
20 Volkan Şen
60%
Szwajcaria 1 Yann Sommer
60%
21 Emre Mor
58%
17 Sławomir Peszko
58%
6 Tomasz Jodłowiec
58%
10 Zlatan Ibrahimović
58%
21 Bartosz Kapustka
56%
13 Thomas Müller
56%
23 Xherdan Shaqiri
56%
7 Álvaro Morata
53%
3 Gerard Piqué
53%
Włochy 1 Gianluigi Buffon
53%
10 Granit Xhaka
53%
7 Ivan Rakitić
53%
22 Marc-André ter Stegen
53%
5 Mats Hummels
53%
3 Patrice Evra
53%
16 Steve Mandanda
53%
14 Taulant Xhaka
53%
8 David Alaba
51%
13 David de Gea
51%
8 Dimitri Payet
51%
3 Giorgio Chiellini
51%
17 Nani
51%
7 Raheem Sterling
51%
13 Ricardo Rodríguez
51%
Portugalia 1 Rui Patrício
51%
Belgia 1 Thibaut Courtois
51%
23 Adrien Silva
49%
21 David Silva
49%
10 Eden Hazard
49%
Hiszpania 1 Iker Casillas
49%
4 Ivan Perišić
49%
14 Jakub Wawrzyniak
49%
17 Jérôme Boateng
49%
Anglia 1 Joe Hart
49%
18 Jordi Alba
49%
8 Karol Linetty
49%
2 Kyle Walker
49%
19 Leonardo Bonucci
49%
18 Moussa Sissoko
49%
18 Rafael Silva
49%
16 Renato Sanches
49%
4 Thiago Cionek
49%
10 Wayne Rooney
49%
19 Bacary Sagna
47%
9 | 17 Éder
47%
10 Lukas Podolski
47%
23 Mario Gómez
47%
20 Ricardo Quaresma
47%
10 Aaron Ramsey
44%
7 Andrij Jarmołenko
44%
20 Dele Alli
44%
21 Domagoj Vida
44%
5 Jan Vertonghen
44%
21 Joshua Kimmich
44%
21 Laurent Koscielny
44%
8 Mateo Kovačić
44%
8 Mesut Özil
44%
Czechy 1 Petr Čech
44%
18 Toni Kroos
44%
23 Danijel Subašić
42%
16 John Stones
42%
19 Mario Götze
42%
17 Mario Mandžukić
42%
13 Mariusz Stępiński
42%
5 Sergio Busquets
42%
22 Artiom Dziuba
40%
7 Breel Embolo
40%
16 Gelson Fernandes
40%
Rosja 1 Igor Akinfiejew
40%
10 Nicolae Stanciu
40%
10 Robbie Keane
40%
22 Samuel Umtiti
40%
6 Ashley Williams
38%
14 Blaise Matuidi
38%
21 Danny Ward
38%
14 Emre Can
38%
23 Filip Starzyński
38%
13 George Williams
38%
9 Haris Seferović
38%
11 Jamie Vardy
38%
19 Jamie Ward
38%
8 João Moutinho
38%
7 Joe Allen
38%
20 Jonathan Williams
38%
14 Marcelo Brozović
38%
17 Marek Hamšík
38%
7 Marko Arnautović
38%
19 Moussa Dembélé
38%
8 Ondrej Duda
38%
12 Owain Fôn Williams
38%
17 Stephen Ward
38%
15 Andrea Barzagli
36%
9 Andrej Kramarić
36%
10 André-Pierre Gignac
36%
12 Andrij Piatow
36%
6 Axel Witsel
36%
7 Bastian Schweinsteiger
36%
4 Benedikt Höwedes
36%
17 Burak Yılmaz
36%
10 Cesc Fàbregas
36%
12 Ciprian Tătărușanu
36%
10 Gylfi Sigurðsson
36%
14 Jordan Henderson
36%
4 José Fonte
36%
20 Kingsley Coman
36%
6 Ragnar Sigurðsson
36%
2 Shkodran Mustafi
36%
Walia 1 Wayne Hennessey
36%
9 Ádám Szalai
33%
4 Adil Rami
33%
4 Ben Davies
33%
4 Elseid Hysaj
33%
22 Fabian Schär
33%
6 Hakan Çalhanoğlu
33%
9 Hal Robson-Kanu
33%
8 Koke
33%
20 Leroy Sané
33%
6 Ricardo Carvalho
33%
21 Roman Bürki
33%
12 Simon Mignolet
33%
2 Toby Alderweireld
33%
14 William Carvalho
33%
10 Armando Sadiku
31%
16 Daniele De Rossi
31%
11 Darijo Srna
31%
9 Graziano Pellè
31%
11 Pedro
31%
6 Sami Khedira
31%
10 Tomáš Rosický
31%
18 Admir Mehmedi
29%
10 Arda Turan
29%
18 Bartosz Salamon
29%
13 Corry Evans
29%
15 Daniel Sturridge
29%
3 Danny Rose
29%
5 Gary Cahill
29%
5 Jonny Evans
29%
11 Julian Draxler
29%
22 Marcus Rashford
29%
21 Ołeksandr Zinczenko
29%
2 Peter Pekarík
29%
12 Robin Olsen
29%
11 Yannick Ferreira Carrasco
29%
11 Anthony Martial
27%
Albania 1 Etrit Berisha
27%
4 James Milner
27%
19 Juraj Kucka
27%
10 Kyle Lafferty
27%
12 Lovre Kalinić
27%
16 Nikola Kalinić
27%
4 Siergiej Ignaszewicz
27%
2 Stephan Lichtsteiner
27%
13 Aleksandr Gołowin
24%
9 Aleksandr Kokorin
24%
9 André Schürrle
24%
12 Anthony Lopes
24%
14 Denis Zakaria
24%
17 Divock Origi
24%
14 Dries Mertens
24%
17 Eric Dier
24%
3 Jonas Hector
24%
16 Juanfran
24%
20 Marcel Sabitzer
24%
11 Marcus Berg
24%
5 Martin Olsson
24%
3 Martin Škrtel
24%
14 Milan Škriniar
24%
4 Nico Elvedi
24%
5 Raphaël Guerreiro
24%
12 Salvatore Sirigu
24%
2 Šime Vrsaljko
24%
6 Taras Stepanenko
24%
3 Thomas Vermaelen
24%
14 Victor Lindelöf
24%
8 Adam Lallana
22%
4 Andreas Granqvist
22%
12 Bernd Leno
22%
19 Bogdan Stancu
22%
2 Bruno Alves
22%
21 Cédric Soares
22%
11 Ciro Immobile
22%
6 Emil Forsberg
22%
4 John O’Shea
22%
20 Lorenzo Insigne
22%
8 Marouane Fellaini
22%
22 Michy Batshuayi
22%
22 Nolito
22%
22 Péter Gulácsi
22%
20 Róbert Mak
22%
7 Sebastian Larsson
22%
9 Shane Long
22%
7 Simone Zaza
22%
16 Thomas Meunier
22%
8 Ádám Nagy
20%
7 Aiden McGeady
20%
5 Attila Fiola
20%
8 Birkir Bjarnason
20%
6 Chris Smalling
20%
20 Christian Benteke
20%
19 Eliseu
20%
19 Eren Derdiyok
20%
10 Fiodor Smołow
20%
3 Ivan Strinić
20%
9 Lucas Vázquez
20%
20 Marko Pjaca
20%
4 Matteo Darmian
20%
2 Mikael Lustig
20%
12 Morgan Schneiderlin
20%
18 Theódór Bjarnason
20%
14 Thiago Alcantara
20%
7 Vladimír Weiss
20%
6 Yohan Cabaye
20%
2 Ádám Lang
18%
11 Alfreð Finnbogason
18%
15 Blerim Džemaili
18%
2 César Azpilicueta
18%
13 Eliaquim Mangala
18%
23 Emanuele Giaccherini
18%
10 João Mário
18%
7 Jóhann Berg Guðmundsson
18%
14 Julian Baumgartlinger
18%
12 Marwin Hitz
18%
2 Mattia De Sciglio
18%
6 Michael Lang
18%
12 Milan Škoda
18%
22 Stephan El Shaarawy
18%
8 Steven Davis
18%
4 Theodor Gebre Selassie
18%
16 Tomáš Vaclík
18%
11 Valon Behrami
18%
8 Alessandro Florenzi
16%
15 André Gomes
16%
20 Aritz Aduriz
16%
23 Benoît Costil
16%
2 Chris Gunter
16%
13 Danilo
16%
Węgry 1 Gábor Király
16%
20 Jarosław Rakicki
16%
20 Johan Djourou
16%
17 Lucas Digne
16%
19 Milan Badelj
16%
12 Nathaniel Clyne
16%
3 Neil Taylor
16%
7 Niall McGinn
16%
4 Radja Nainggolan
16%
19 Robbie Brady
16%
18 Sam Vokes
16%
16 Shay Given
16%
7 Tomáš Necid
16%
6 Vlad Chiricheș
16%
10 Zoltán Gera
16%
8 Albin Ekdal
13%
3 Aleksandar Dragović
13%
6 Aleksiej Bieriezucki
13%
4 Anatolij Tymoszczuk
13%
Szwecja 1 Andreas Isaksson
13%
2 Christophe Jallet
13%
23 Darren Randolph
13%
8 Dienis Głuszakow
13%
13 Federico Marchetti
13%
17 Florian Klein
13%
15 Jason Denayer
13%
10 Jewhen Konoplanka
13%
14 Kári Árnason
13%
17 Ludwig Augustinsson
13%
17 Nemanja Nikolić
13%
3 Răzvan Raț
13%
2 Séamus Coleman
13%
16 Serhij Sydorczuk
13%
10 Thiago Motta
13%
5 Vedran Ćorluka
13%
14 Wasilij Bieriezucki
13%
18 Alessandro Schöpf
11%
5 Angelo Ogbonna
11%
6 Antonio Candreva
11%
11 Conor Washington
11%
Rumunia 1 Costel Pantilimon
11%
12 Dénes Dibusz
11%
22 Eduardo
11%
Islandia 1 Hannes Þór Halldórsson
11%
8 James McCarthy
11%
Słowacja 1 Ján Mucha
11%
13 Jaroslav Plašil
11%
16 Joe Ledley
11%
14 Jonathan Walters
11%
18 Marco Parolo
11%
17 Mikel San José
11%
5 Nuri Şahin
11%
16 Ozan Tufan
11%
2 Pavel Kadeřábek
11%
Austria 1 Robert Almer
11%
15 Sebastian Prödl
11%
22 Vladimír Darida
11%
7 Alexandru Chipciu
9%
7 Balázs Dzsudzsák
9%
5 Christian Fuchs
9%
14 Florin Andone
9%
4 Gareth McAuley
9%
18 Jack Wilshere
9%
15 Julian Weigl
9%
9 Kim Källström
9%
4 Marc Bartra
9%
21 Marc Janko
9%
3 Michal Kadlec
9%
23 Mykyta Szewczenko
9%
14 Oğuzhan Özyakup
9%
23 Ramazan Özcan
9%
8 Roman Zozula
9%
14 Rusłan Rotań
9%
8 Selçuk İnan
9%
3 Shane Ferguson
9%
6 Tin Jedvaj
9%
15 Tomáš Hubočan
9%
11 Vieirinha
9%
Turcja 1 Volkan Babacan
9%
20 Wes Hoolahan
9%
19 Aleksandr Samiedow
7%
23 Ari Freyr Skúlason
7%
18 Arlind Ajeti
7%
17 Aron Gunnarsson
7%
9 Bořek Dočkal
7%
18 Caner Erkin
7%
9 Cenk Tosun
7%
13 Claudiu Keșerü
7%
21 David Lafata
7%
9 Denis Alibec
7%
19 Denys Harmasz
7%
23 Dmitrij Kombarow
7%
21 Federico Bernardeschi
7%
13 Fraser Forster
7%
11 Gabriel Torje
7%
14 Gergő Lovrencsics
7%
13 Gordon Schildenfeld
7%
16 Guilherme
7%
15 Jazz Richards
7%
13 Jeff Hendrick
7%
20 John Guidetti
7%
21 Josh Magennis
7%
16 Kevin Wimmer
7%
9 Kolbeinn Sigþórsson
7%
15 László Kleinheisler
7%
23 Laurent Ciman
7%
5 Lorik Cana
7%
17 Marek Suchý
7%
15 Marko Rog
7%
11 Martin Harnik
7%
15 Mehmet Topal
7%
15 Mërgim Mavraj
7%
Irlandia Płn. 1 Michael McGovern
7%
21 Michal Ďuriš
7%
5 Norbert Gyömbér
7%
18 Oleg Iwanow
7%
17 Oleg Szatow
7%
5 Ołeksandr Kuczer
7%
11 Pawieł Mamajew
7%
5 Roman Neustädter
7%
23 Tom Heaton
7%
13 Wjaczesław Szewczuk
7%
19 Yunus Mallı
7%
10 Zlatko Junuzović
7%
11 Adam Nemec
4%
22 Amir Abrashi
4%
2 Birkir Sævarsson
4%
2 Conor McLaughlin
4%
8 David Limberský
4%
Ukraina 1 Denys Bojko
4%
21 Dragoș Grigore
4%
22 Duje Čop
4%
22 Eiður Guðjohnsen
4%
20 Emil Hallfreðsson
4%
22 Erkan Zengin
4%
8 Fabian Frei
4%
6 Glenn Whelan
4%
3 Hakan Balta
4%
12 Héctor Bellerín
4%
3 Igor Smolnikow
4%
5 James Chester
4%
19 James Collins
4%
4 Ján Ďurica
4%
13 Jean-François Gillet
4%
11 Jewhen Sełezniow
4%
16 Jonathan Tah
4%
15 Jón Daði Böðvarsson
4%
18 Josef Šural
4%
Irlandia 1 Keiren Westwood
4%
19 Ladislav Krejčí
4%
17 Lucian Sânmărtean
4%
4 Martin Hinteregger
4%
22 Ołeksandr Karawajew
4%
16 Oliver Norwood
4%
18 Oscar Lewicki
4%
13 Patrik Hrošovský
4%
16 Pontus Wernbloom
4%
5 Richard Keogh
4%
15 Roman Szyrokow
4%
19 Ross Barkley
4%
2 Semih Kaya
4%
12 Shane Duffy
4%
6 Stefan Ilsanker
4%
14 Stefano Sturaro
4%
14 Stuart Dallas
4%
4 Tamás Kádár
4%
19 Tamás Priskin
4%
6 Tomáš Sivok
4%
20 Adrian Popa
2%
6 Ákos Elek
2%
23 Alban Hoxha
2%
2 Alexandru Mățel
2%
8 Andy King
2%
21 Arnór Ingvi Traustason
2%
17 Artem Fedecki
2%
2 Bohdan Butko
2%
13 Burim Kukeli
2%
6 Chris Baird
2%
3 Ciaran Clark
2%
20 Craig Cathcart
2%
22 Cristian Săpunaru
2%
13 Dániel Böde
2%
14 Daniel Kolář
2%
21 Daryl Murphy
2%
17 David Cotterill
2%
14 David Edwards
2%
15 David Pavelka
2%
3 Erik Johansson
2%
3 Ermir Lenjani
2%
3 François Moubandje
2%
7 Gökhan Gönül
2%
12 Heinz Lindner
2%
19 Hörður Björgvin Magnússon
2%
13 İsmail Köybaşı
2%
11 James McClean
2%
3 Jewhen Chaczeridi
2%
21 Jimmy Durmaz
2%
9 Ledian Memushaj
2%
22 Lee Hodson
2%
23 Matúš Kozáčik
2%
8 Migjen Basha
2%
10 Miroslav Stoch
2%
11 Olcay Şahan
2%
12 Onur Recep Kıvrak
2%
15 Oscar Hiljemark
2%
5 Ovidiu Hoban
2%
13 Pontus Jansson
2%
20 Richárd Guzmics
2%
2 Roman Szyszkin
2%
12 Roy Carroll
2%
9 Rubin Okotie
2%
21 Ryan Bertrand
2%
22 Şener Özbayraklı
2%
23 Sergio Rico
2%
11 Shkëlzen Gashi
2%
23 Silviu Lung Jr.
2%
23 Simon Church
2%
16 Sokol Cikalleshi
2%
9 Stanislav Šesták
2%
5 Steve von Bergen
2%
23 Tomáš Koubek
2%
22 Viktor Pečovský
2%
9 Wiktor Kowałenko
2%
9 Will Grigg
2%
18 Aaron Hughes
0%
16 Ádám Pintér
0%
4 Ahmet Çalık
0%
23 Alan Mannus
0%
2 Andi Lila
0%
18 Andrei Prepeliță
0%
7 Ansi Agolli
0%
18 Ante Ćorić
0%
7 Artur Jusupow
0%
21 Barnabás Bese
0%
19 Bekim Balaj
0%
19 Bruno Soriano
0%
18 Christian Kabasele
0%
4 Cosmin Moți
0%
15 Cyrus Christie
0%
11 Daniel Pudil
0%
18 David Meyler
0%
22 David Vaughan
0%
20 Dmitrij Torbinski
0%
18 Dušan Švento
0%
19 Emir Kujović
0%
20 Ergys Kaçe
0%
6 Freddie Veseli
0%
21 Gieorgij Szczennikow
0%
2 György Garics
0%
23 Harun Tekin
0%
3 Haukur Hauksson
0%
4 Hjörtur Hermannsson
0%
13 Ingvar Jónsson
0%
Chorwacja 1 Ivan Vargić
0%
22 Jakob Jantscher
0%
6 Ján Greguš
0%
12 Ján Novota
0%
20 Jiří Skalák
0%
12 Jurij Łodygin
0%
16 Kornel Saláta
0%
11 Krisztián Németh
0%
19 Lukas Hinterseer
0%
15 Luke McCullough
0%
13 Markus Suttner
0%
8 Mihai Pintilii
0%
3 Mihály Korhut
0%
17 Naser Aliji
0%
21 Odise Roshi
0%
12 Ögmundur Kristinsson
0%
12 Orges Shehi
0%
17 Paddy McNair
0%
23 Patrik Carlgren
0%
15 Pyłyp Budkiwski
0%
23 Roland Juhász
0%
5 Roman Hubník
0%
16 Rúnar Már Sigurjónsson
0%
18 Serhij Rybałka
0%
17 Shani Tarashaj
0%
16 Steliano Filip
0%
22 Stephen Quinn
0%
5 Sverrir Ingi Ingason
0%
15 Valerică Găman
0%
18 Zoltán Stieber
0%
Nie znaleziono quizów pasujących do podanych kryteriów
Rozkład punktacji
Procent ludzi z każdym wynikiem
Percentyl według liczby udzielonych odpowiedzi
Twoja historia wyników
Nie rozwiązałeś tego quizu